Statistiques concernant Culture Générale - Série 702

Cliquez ici pour prendre le quiz!

Statistiques générales

  • Ce quiz a été pris 80 fois
  • Le résultat moyen est 7 sur 10

Statistiques - réponses

QuestionRéponse% Correct
Dans quel pays européen vous trouvez-vous si vous êtes à Rotterdam ?Pays-Bas
96%
Selon l'expression familière, si vous faites quelque chose facilement, vous le faites les doigts dans le...nez
93%
Quel est le signe zodiacal d'une personne née le 30 juin ?cancer
80%
En cuisine, le petit paquet composé de persil, de thym et de laurier qui sert à parfumer les plats s'appelle le "bouquet...garni
78%
Quel chanteur français s'est affiché fesses nues pour un concert à l'Olympia en 1972 ?Michel Polnareff
75%
L'Amérique fut nommée d'après le prénom du navigateur italien Vespucci : quel était son prénom ?Amerigo
72%
Qui est la mère du chanteur Thomas Dutronc ?Françoise Hardy
63%
Pour entreprendre l'ascension du mont Fuji, sur quelle île du Japon faut-il se rendre ?Honshu
55%
Quel chanteur américain, auteur de "I Just Called to Say I Love You", a fêté ses 50 ans de carrière en 2010 ?Stevie Wonder
38%
Complétez le titre du roman de Jules Verne "Les enfants du ...capitaine Grant
20%

Distribution des résultats

Percentile par nombre de réponses

% des personnes avec chaque résultat

Votre développement - résultats

Vous n’avez pas pris ce quiz